Vlastnosti ocele A 304 po boridovaní

Saved in:
Bibliographic Details
Main Author: Vitek, Juraj (Author)
Other Authors: Hudáková, Mária (Thesis advisor)
Format: Manuscript Book
Language:Slovak
Published: 2017
Subjects:
Online Access:http://is.stuba.sk/zp/portal_zp.pl?podrobnosti=119129
Tags: Add Tag
No Tags, Be the first to tag this record!

MARC

LEADER 00000ntm a22000003a 4500
001 stuzp56480
003 SK-STU
005 20170610210210.6
007 ta
008 150427s2015----xo-----f-mn---000-0-slo-d
040 |a STU  |b slo 
041 0 |a slo 
100 1 |a Vitek, Juraj  |u 061000  |k Z4  |4 aut  |U MTF Materiálovotechnologická fakulta  |T MTF Ústav materiálov  |X 59735  |U M1000  |Y 81  |7 A000059735 
242 0 1 |a Properties of A 304 steel after boronizing  |y eng 
245 1 0 |a Vlastnosti ocele A 304 po boridovaní 
260 |c 2017 
650 4 |a Koróziivzdorné ocele  |2 slo 
650 4 |a Oceľ A 304  |2 slo 
650 4 |a Difúzne boridovanie  |2 slo 
650 4 |a Mikrotvrdosť  |2 slo 
650 4 |a Adhézia  |2 slo 
650 4 |a Stainless steel  |2 eng 
650 4 |a A 304 steel  |2 eng 
650 4 |a boronizing  |2 eng 
650 4 |a microhardness  |2 eng 
650 4 |a adhesion  |2 eng 
700 1 |a Hudáková, Mária  |u 061000  |k Z1  |4 ths  |U MTF Materiálovotechnologická fakulta  |T MTF Ústav materiálov  |X 2754  |U M1000  |Y 81  |7 A000002754 
856 4 |u http://is.stuba.sk/zp/portal_zp.pl?podrobnosti=119129 
996 |c M* DP-13439  |l MMSKP  |s P  |a 0  |w stuzp56480_0001